| 000 | 00568nam a2200205 a 4500 | ||
|---|---|---|---|
| 005 | 20240913063946.0 | ||
| 008 | 991125s1977 es 000 0 spa u | ||
| 020 | _a8426410391 | ||
| 035 | _aUPN01000003792 | ||
| 049 | _aCG | ||
| 050 | 4 |
_aP91 _bE8.38 1977 |
|
| 100 | 1 |
_aEco, Umberto, _d1932-2016 _930161 |
|
| 245 | 1 | 0 |
_aApocalípticos e integrados / _cUmberto Eco ; tr. Andrés Boglar. |
| 260 |
_aEspaña : _bLumen, _c1977. |
||
| 300 | _a403 p. | ||
| 440 | 0 |
_aPalabra en el tiempo ; _v39 |
|
| 650 | 4 |
_aComunicación _99285 |
|
| 650 | 4 |
_aCultura _97095 |
|
| 905 | _aLibro | ||
| 999 |
_c3792 _d3792 |
||